Central Library OPAC University of Rajshahi

The changing concepts of reference service / (Record no. 585)

MARC details
000 -LEADER
fixed length control field 01048nam a2200325 a 4500
001 - CONTROL NUMBER
control field 585
003 - CONTROL NUMBER IDENTIFIER
rucl marc code BD-RjUL
005 - DATE AND TIME OF LATEST TRANSACTION
control field 20211208233213.0
008 - FIXED-LENGTH DATA ELEMENTS--GENERAL INFORMATION
fixed length control field 141022s1974 ii b 001 0 eng
020 ## - INTERNATIONAL STANDARD BOOK NUMBER
International Standard Book Number 0706903021
035 ## - SYSTEM CONTROL NUMBER
System control number (BD-RjUL)603
040 ## - CATALOGING SOURCE
Original cataloging agency DLC
Transcribing agency DLC
Modifying agency DLC
-- BD-RjUL
Language of cataloging eng
041 ## - LANGUAGE CODE
Language code of text/sound track or separate title eng
082 00 - DEWEY DECIMAL CLASSIFICATION NUMBER
Classification number 025.5
Edition number 16
Author mark and year KUC 1974
100 1# - MAIN ENTRY--PERSONAL NAME
Personal name Kumar, Suseela,
Dates associated with a name 1924-
9 (RLIN) 1791
245 14 - TITLE STATEMENT
Title The changing concepts of reference service /
Statement of responsibility, etc. Suseela Kumar.
250 ## - EDITION STATEMENT
Edition statement 1st ed.
260 ## - PUBLICATION, DISTRIBUTION, ETC. (IMPRINT)
Place of publication, distribution, etc. Delhi :
Name of publisher, distributor, etc. Vikas Pub. House,
Date of publication, distribution, etc. c1974.
300 ## - PHYSICAL DESCRIPTION
Pagination 327 p. ;
Size 19 cm.
490 1# - SERIES STATEMENT
Series statement Sarada Ranganathan Endowment for Library Science series ; 7
504 ## - BIBLIOGRAPHY, ETC. NOTE
Bibliography, etc Bibliographical Reference and Index.
650 #0 - SUBJECT ADDED ENTRY--TOPICAL TERM
Topical term or geographic name as entry element Reference services (Libraries)
9 (RLIN) 1795
Topical term or geographic name as entry element Reference services (Libraries)
Geographic subdivision India.
9 (RLIN) 1797
830 #0 - SERIES ADDED ENTRY--UNIFORM TITLE
Volume number/sequential designation 7.
Uniform title Sarada Ranganathan Endowment for Library Science series ;
942 ## - ADDED ENTRY ELEMENTS (KOHA)
Source of classification or shelving scheme Dewey Decimal Classification
Koha item type Books
Holdings
Lost status Source of classification or shelving scheme Damaged status Not for loan Collection code Permanent Location Current Location Shelving location Date acquired Cost, normal purchase price Total Checkouts Full call number Date last seen Copy number Koha item type
  Dewey Decimal Classification   Not For Loan Non-fiction Central Library, University of Rajshahi Central Library, University of Rajshahi Reading Room 04/06/1976 40.00   025.5 KUC 1974 18/11/2013 C-1 Books